000 00498nam a2200133Ia 4500
008 171212s9999 xx 000 0 und d
020 _a9781760460174
100 _aFrost, Frank
245 _cFrost, Frank
_aEngaging the neighbours
_bAustralia and ASEAN since 1974
260 _bANU E Press
_c2016
650 _aASEAN; Australia -- Foreign relations -- Southeast Asia; Southeast Asia -- Foreign relations -- Australia
650 _aPolitical Science
856 _uhttp://jstor.org/stable/j.ctt1rqc9hb
999 _c351098
_d351098